Die 78 längsten Brücken der Welt - Statistiken

Allgemein
  • Dieses Quiz wurde 10 mal gespielt
  • Das Durchschnittsergebnis liegt bei 6 aus 78
Antwortstatistiken
Gesamtlänge Lage /verbindet... / verläuft ... Brücke % Korrekt
2 737 m San Francisco (🇺🇸) ➡ Marin Country (🇺🇸) Golden Gate Bridge
78%
777 m über Rhein & Autobahn ➡ Duisburg (🇩🇪) Rheinbrücke Neuenkamp
56%
2 160 m Ma wan (🇭🇰) ➡ Tsing Yi (🇭🇰) Tsing - Ma - Bridge
56%
7 845 m Kopenhagen (🇩🇰) ➡ Malmö (🇸🇪) Öresundbrücke
44%
1 560 m über Bosporus ➡ Istanbul (🇹🇷) Bosporus
33%
1 519 m über Rhein ➡ Düsseldorf (🇩🇪)(Autobahnbrücke) Rheinkniebrücke
33%
2 460 m Millau (🇫🇷) Viaduc de Millau
33%
2 260 m Yeosu (🇰🇷) Yi - Sun - sin - Bridge
22%
5 437 m über Jangtse ➡ Nanjing (🇨🇳) 4. Nanjing - Jangtse - Bridge
11%
2 525 m über Fraser River ➡ Vancouver (Kanada) Alex Fraser Bridge
11%
3 407 m San Diego (🇺🇸) ➡ Coronado (🇺🇸) Coronado Bridge
11%
32 500 m Pudong (🇨🇳) ➡ Shanghai (🇨🇳) Donghai Daqiao
11%
1 166 m Düsseldorf (🇩🇪) ➡ Neuss (🇩🇪) Fleher Brücke
11%
36 000 m Cixi (🇨🇳) ➡ Jiaxing (🇨🇳) Hangzhou Wan Bridge
11%
2 220 m Hessle (🇬🇧) ➡ Barton - upon - Humber (🇬🇧) Humber - Bridge
11%
12 300 m Incheon (🇰🇷) ➡ Flughafen ✈ Incheon - Bridge
11%
3 071 m Jiangyin (🇨🇳) ➡Jingjiang (🇨🇳) Jiangyin - Bridge
11%
26 707 m Shandong (🇨🇳) Jiaozhou - Bucht - Bridge
11%
5 464 m Mackinaw (🇺🇸) Mackinac Bridge
11%
13 500 m Insel Penang (🇲🇾) ➡ Festland Penang Bridge
11%
2 141 m Le Havre (🇫🇷) ➡ Honfleur (🇫🇷) Pont de Normandie
11%
2 277 m über Tejo ➡ Lissabon (🇹🇷) Ponte 25 de Abril
11%
17 200 m über Tejo ➡ Lissabon (🇹🇷) Ponte Vasco da Gama
11%
4 888 m Zehnjinag (🇨🇳) ➡ Yangzhou (🇨🇳) Runyang - Bridge (Süd)
11%
3 100 m Russki (🇷🇺) ➡ Wladiwostok (🇷🇺) Russki - Bridge
11%
3 356 m über die Loire (🇫🇷) Saint - Nazaire - Bridge
11%
16 370 m Insel Penang (🇲🇾) ➡ Festland Second Penang Bridge
11%
13 100 m Honshu (🇯🇵) ➡ Shikoku (🇯🇵) Seto - Ohashi - Bridge
11%
691 m über Rhein ➡ Köln (🇩🇪) Severinsbrücke
11%
6 790 m über Gr. Belt ➡ 🇩🇰 Storebaelt - Bridge (Ost)
11%
4 199 m Wuhan (🇨🇳) Yangluo Bridge
11%
1 172 m Yanpu (🇨🇳) ➡ Pudong (🇨🇳) Yangpu - Bridge
11%
3 150 m Yichang (🇨🇳) Yichang - Bridge
11%
1 515 m Onomichi (🇯🇵) ➡ Imabari (🇯🇵) 2. Kurushima - Bridge
0%
5 128 m Bristol (🏴󠁧󠁢󠁥󠁮󠁧󠁿) ➡ Cardiff (🇬🇧) 2. Severnbrücke
0%
1 570 m Onomichi (🇯🇵) ➡ Imabari (🇯🇵) 3. Kurushima - Bridge
0%
1 176 m Jishou (🇨🇳) ➡ Hunan (🇨🇳) Aizhai - Bridge
0%
3 911 m Kobe (🇯🇵) ➡ Awaji (🇯🇵) Akashi - Kaikyo - Bridge
0%
1 341 m Guizhou (🇨🇳) Beipanjiang - Bridge
0%
1 278 m Rouen (🇫🇷) ➡ Le Havre (🇫🇷) Brotonne - Brücke
0%
430 m über Donau ➡ Bratislava (🇸🇰) Brücke des Slowak. Nationalaufstandes
0%
3 869 m Europa ➡ Asien Canakkale - 1915 - Bridge
0%
1 200 m Xugu Expressway (🇨🇳) Chishuihe - Hongjun
0%
12 880 m Prince Edward Island (Kanada) ➡ Festland Confederation Bridge
0%
1 510 m über Bosporus ➡ Istanbul (🇹🇷) Fatih - Sultan - Mehmet - Bridge
0%
2 500 m North Queensferry (🏴󠁧󠁢󠁳󠁣󠁴󠁿) ➡ South Queensferry (🏴󠁧󠁢󠁳󠁣󠁴󠁿) Forth Road Bridge
0%
518 m Dubrovnik (🇭🇷) Franjo - Tudman - Bridge
0%
8 678 m über Maracaibo-See (🇻🇪) General - Rafael - Urdaneta
0%
1 451 m Manhattan (🇺🇸) ➡ New Jersey (🇺🇸) George - Washington - Bridge
0%
4 298 m Eidfjord (🇳🇴) ➡ Ulvik (🇳🇴) Hardangerbrücke
0%
5 200 m über East - River (🇺🇸) Hell Gate Bridge
0%
1 867 m über Angermanälven (🇸🇪) Högakustenbron
0%
3 635 m Guangzhou (🇨🇳) Huangpu - Bridge
0%
3 618 m Dongguan (🇨🇳) Humen - Bridge
0%
1 673 m über Fluss Jinsha Jiang b. Lijiang (🇨🇳) Jinshajiang - Bridge
0%
3 618 m Hamburg - Wilhelmsburg (🇩🇪) ➡ A 7 Köhlbrandbrücke
0%
1 500 m Mannheim (🇩🇪) ➡ Ludwigshafen (🇩🇪) Kurt - Schuhmacher - Brücke
0%
8 346 m Puxi (🇨🇳) ➡ Pudong (🇨🇳) Nanpu Bridge
0%
1 629 m Awaji (🇯🇵) ➡ Naruto (🇯🇵) Naruto - Bridge
0%
2 907 m Istanbul (🇹🇷) ➡ Izmir (🇹🇷) Osman - Gazi - Bridge
0%
440 m über Stausee Barrios de Luna (🇪🇸) Puente Carlos Fernandez Casado
0%
3 156 m über Orinoco (🇻🇪) Puente Orinoquia
0%
882 m über Rio Mezacala (🇲🇽) Puente Rio Mezcala
0%
2 883 m über Golf von Korinth ➡ 🇬🇷 Rio - Andirrio - Bridge
0%
1 597 m über Bristolkanal (🏴󠁧󠁢󠁥󠁮󠁧󠁿) Severn - Bridge
0%
1 100 m Siduhe (🇨🇳) Siduhe - Bridge
0%
1 010 m Trondheimfjord (🇳🇴) Skarnsund - Bridge
0%
616 m New Westminster (Kanada) ➡ Surrey (Kanada) Skybridge (Eisenbahn)
0%
8 851 m über Tampa - Bay ➡ Saint Petersburg (🇺🇸) Sunshine Skyway Bridge
0%
8 206 m über Jangtsekiang b. Nantong (🇨🇳) Sutong - Bridge
0%
1 822 m Tacoma (🇺🇸) ➡ Gig Harbor (🇺🇸) Tacoma - Narrows - Bridge
0%
4 881 m über Hudson - River (🇺🇸) Tappan Zee Bridge
0%
1 480 m Ikuchi (🇯🇵) ➡ Omi (🇯🇵) Tatara - Bridge
0%
1 270 m über Rhein ➡ Düsseldorf (🇩🇪) Theodor - Heuss - Brücke
0%
1 177 m Hongkong 🇭🇰 Ting - Kau - Bridge
0%
1 450 m Staten Island (🇺🇸) ➡ Brooklyn (🇺🇸) Verrazano - Narrows Bridge
0%
823 m Kalkutta (🇮🇳) ➡ Howrah (🇮🇳) Vidyasagar Setu
0%
2 700 m Jintang (🇨🇳) ➡ Cezi (🇨🇳) Xihoumen - Bridge
0%
Keine übereinstimmenden Quizze gefunden
Verteilung der Resultate
Anzahl Personen mit jedem Resultat
Perzentil nach korrekt beantworteten Fragen
Ihre Resultats-Entwicklung
Sie haben dieses Quiz noch nicht gespielt